| 000 | 00610nam a2200217 i 4500 | ||
|---|---|---|---|
| 001 | 98155 | ||
| 003 | ES-MaACL | ||
| 005 | 20250729062625.0 | ||
| 007 | t| | ||
| 008 | 050726s1952 sp ||||1| spa d | ||
| 100 | 1 |
_aMarrero, Vicente. _977070 |
|
| 245 | 1 | 3 |
_aEl poder entrañable / _cVicente Marrero. |
| 260 |
_aMadrid : _bCálamo, _c1952 ( _fImp. Suc. Rivadeneyra) |
||
| 300 |
_a3 h., 191 p. ; _c19 cm. |
||
| 490 | 1 |
_aEsplandián ; _v3 |
|
| 650 | 0 | 0 |
_aPoder. _916144 |
| 650 | 7 |
_aPolítica _2embne _9140345 |
|
| 830 | 1 |
_aEsplandián ; _v3 _9184457 |
|
| 852 |
_aES-MaACL _jD-8133 |
||
| 999 |
_c98155 _d98155 |
||